000 00675nam a2200277Ia 4500
008 210210b2010 xxu||||| |||| 00| 0 eng d
020 _a9780240810201
041 _aeng
082 _a070.19 TASM
100 _aTASSEL (Joan Van)
245 _aManaging electronic media: making marketing and moving digital content
260 _aOxford
_bFocal Press
_c2010
300 _axiv,417
650 _amoving
650 _amedia:
650 _amarketing
650 _aManaging
650 _amaking
650 _aelectronic
650 _adigital
650 _acontent
650 _aand
690 _aJournalism
700 _aHOWFIELD (Lisa Poe)
906 _a064958
999 _c141999
_d141999